000 00589nam a2200217Ii 4500
003 JO-AjNU
008 230606s9999||||xx |||||||||||||| ||und||
020 _a978-0-415-60260-0
040 _aJO-AjNU
_beng
_erda
_cJO-AjNU
041 _aeng
050 1 4 _aTA357.M37 2012
100 3 _aMassey ,Bernard ,
_eauthor
_94847
245 0 0 _aMechanics of fluids
250 _a9 ed
264 3 1 _aLondon ;Spon press ,2012
300 _a704p
336 _atext
_btxt
_2rdacontent
337 _aunmediated
_bn
_2rdamedia
338 _avolume
_bnc
_2rdacarrier
650 4 _aMechanics of fluids
_94848
999 _aE2509
_c2507
_d2507